LEGO sets Quiz Stats

 Plays Quiz not verified by Sporcle

Challenge
Share
Tweet
Score 0/20 Timer 05:00
0 Plays Today
% Correct
6066 - Camouflaged Outpost
32.5%
6071 Forestmen's Crossing
30%
9469 Gandalf Arrives
28.8%
10243 - Parisian Restaurant
25%
9496 Desert Skiff
23.8%
7121 Naboo Swamp
21.3%
6285 - Black Seas Barracuda
21.3%
6276 Eldorado Fortress
16.3%
6034 Black Monarch's Ghost
13.8%
4181 Isla De Muerta
13.8%
% Correct
6048 Majisto's Magical Workshop
11.3%
6848 Strategic Pursuer
10%
79102 Stealth Shell In Pursuit
10%
4010 Police Rescue Boat
10%
6039 Twin Arm Launcher
8.8%
7661 Jedi Starfighter With Hyperdrive Booster Ring
8.8%
6049 - Viking Voyager
8.8%
6386 Police Command Base
7.5%
6503 Sprint Racer
7.5%
1649 - Sea Skimmer
6.3%

You're not logged in!

Compare scores with friends on all Sporcle quizzes.
Join for Free
OR
Log In

You Might Also Like...

Show Comments

Extras

Created Sep 9, 2014SourceReportNominate
Tags:Toys Quiz, children, kids, lego

Top Quizzes Today


Score Distribution

Your Account Isn't Verified!

In order to create a playlist on Sporcle, you need to verify the email address you used during registration. Go to your Sporcle Settings to finish the process.

Report this User

Report this user for behavior that violates our Community Guidelines.

Details: